[Event "ASKO Pinse Tournament Group B"]
[Site "Oslo"]
[Date "2000.06.11"]
[Round "4"]
[White "Eknes, Rolf"]
[Black "Carlsen, Magnus"]
[Result "1/2-1/2"]
[WhiteElo "1227"]
[BlackElo "904"]
[PlyCount "59"]
[EventDate "2000.06.10"]
[EventType "tourn"]
[EventRounds "6"]
[EventCountry "NOR"]
[SourceTitle "EXT 2023"]
[Source "ChessBase"]
[SourceDate "2022.10.05"]
[SourceVersion "1"]
[SourceVersionDate "2022.10.05"]
[SourceQuality "1"]

1. e4 c5 2. Nc3 Nc6 3. f4 e6 4. Nf3 d5 5. exd5 exd5 6. Bb5 a6 7. Bxc6+ bxc6 8. O-O Ne7 9. Re1 Be6 10. Ng5 Bd7 11. Qe2 f6 12. Ne6 Bxe6 13. Qxe6 Qd7 14. d3 Qxe6 15. Rxe6 Kd7 16. Re2 Ng6 17. Bd2 Bd6 18. g3 Rhe8 19. Rae1 Rxe2 20. Rxe2 Re8 21. Rxe8 Kxe8 22. Na4 Nf8 23. c3 Nd7 24. b3 Ke7 25. Nb2 Bc7 26. Kf2 Ke6 27. Kf3 h5 28. Nd1 Kf5 29. Ne3+ Ke6 30. Ng2 1/2-1/2

[Event "Peer Gynt Open"]
[Site "Gausdal"]
[Date "2000.07.31"]
[Round "1"]
[White "Brasoy, Aksel"]
[Black "Carlsen, Magnus"]
[Result "1-0"]
[WhiteElo "1590"]
[BlackElo "904"]
[PlyCount "67"]
[EventDate "2000.07.31"]
[EventType "swiss"]
[EventRounds "7"]
[EventCountry "NOR"]
[SourceTitle "EXT 2023"]
[Source "ChessBase"]
[SourceDate "2022.10.05"]
[SourceVersion "1"]
[SourceVersionDate "2022.10.05"]
[SourceQuality "1"]

1. e4 c5 2. Nc3 Nc6 3. f4 e6 4. Nf3 a6 5. e5 d5 6. g3 Nh6 7. Bg2 Nf5 8. b3 h5 9. Bb2 h4 10. Ne2 hxg3 11. hxg3 Rxh1+ 12. Bxh1 Be7 13. c3 g5 14. fxg5 Bxg5 15. Qc2 d4 16. cxd4 cxd4 17. Nxg5 Qxg5 18. Bxc6+ bxc6 19. Qxc6+ Kd8 20. Qxa8 d3 21. Rc1 Ne7 22. Ba3 Qxe5 23. Bxe7+ Kxe7 24. Qa7+ Bd7 25. Qc5+ Qxc5 26. Rxc5 dxe2 27. Kxe2 Kd6 28. Rg5 e5 29. Ke3 Kd5 30. Rh5 f5 31. Rh4 Bb5 32. Rh6 e4 33. Kf4 Bd3 34. Rf6 1-0

[Event "Nordstrand Grand Prix Group B"]
[Site "Oslo"]
[Date "2000.08.25"]
[Round "1"]
[White "Solum, Sverre"]
[Black "Carlsen, Magnus"]
[Result "0-1"]
[WhiteElo "1308"]
[BlackElo "904"]
[PlyCount "58"]
[EventDate "2000.08.25"]
[EventType "tourn"]
[EventRounds "5"]
[EventCountry "NOR"]
[SourceTitle "EXT 2023"]
[Source "ChessBase"]
[SourceDate "2022.10.05"]
[SourceVersion "1"]
[SourceVersionDate "2022.10.05"]
[SourceQuality "1"]

1. e4 c5 2. Nc3 Nc6 3. g3 g6 4. Bg2 Bg7 5. d3 e6 6. Be3 d6 7. Qd2 Nge7 8. Bh6 O-O 9. Bxg7 Kxg7 10. f4 f5 11. Nf3 Nd4 12. O-O-O Rb8 13. e5 b5 14. Nxd4 cxd4 15. Ne2 dxe5 16. fxe5 Bb7 17. Bxb7 Rxb7 18. Nf4 Qb6 19. h4 h6 20. Qe2 h5 21. Qf3 Rc7 22. Kb1 Rfc8 23. Rd2 Rc6 24. Ne2 Nd5 25. Nf4 Qa5 26. Rhh2 Nc3+ 27. bxc3 dxc3 28. Rdf2 Qa3 29. Ka1 Qc1# 0-1

[Event "Stjernen Grand Prix Group A"]
[Site "Oslo"]
[Date "2000.10.14"]
[Round "2"]
[White "Flaata, Alexander R"]
[Black "Carlsen, Magnus"]
[Result "1-0"]
[WhiteElo "2069"]
[BlackElo "1323"]
[PlyCount "47"]
[EventDate "2000.10.13"]
[EventType "tourn"]
[EventRounds "5"]
[EventCountry "NOR"]
[SourceTitle "EXT 2023"]
[Source "ChessBase"]
[SourceDate "2022.10.05"]
[SourceVersion "1"]
[SourceVersionDate "2022.10.05"]
[SourceQuality "1"]

1. e4 c5 2. Nc3 Nc6 3. g3 g6 4. Bg2 Bg7 5. d3 e6 6. Be3 d6 7. Qd2 Nge7 8. Bh6 O-O 9. h4 Nd4 10. O-O-O b5 11. h5 Nec6 12. hxg6 hxg6 13. e5 Bxe5 14. Bxf8 Kxf8 15. Nf3 Nxf3 16. Bxf3 Qb6 17. Rh7 Qa6 18. Kb1 Rb8 19. Rdh1 d5 20. Qg5 Ke8 21. Rxf7 Kxf7 22. Rh7+ Kf8 23. Qh6+ Ke8 24. Qxg6+ 1-0

[Event "Nordic-chT U20"]
[Site "Viby"]
[Date "2002.09.08"]
[Round "3.7"]
[White "Leimand, Peter M"]
[Black "Carlsen, Magnus"]
[Result "0-1"]
[WhiteElo "2003"]
[BlackElo "2237"]
[PlyCount "77"]
[EventDate "2002.09.06"]
[EventType "team-tourn"]
[EventRounds "3"]
[EventCountry "DEN"]
[SourceTitle "EXT 2018"]
[Source "ChessBase"]
[SourceDate "2017.10.13"]
[SourceVersion "1"]
[SourceVersionDate "2017.10.13"]
[SourceQuality "1"]
[WhiteTeam "Denmark II"]
[BlackTeam "Norway"]
[WhiteTeamCountry "DEN"]
[BlackTeamCountry "NOR"]

1. e4 c5 2. Nc3 Nc6 3. g3 g6 4. Bg2 Bg7 5. d3 e5 6. Nge2 Nge7 7. O-O O-O 8. Be3 d6 9. Qc1 Nd4 10. Bxd4 cxd4 11. Nd1 Be6 12. c4 Qd7 13. b4 f5 14. Rb1 Rac8 15. Qd2 b5 16. cxb5 Qxb5 17. a3 Qa4 18. Nb2 Qxa3 19. Ra1 Qb3 20. Nc4 Bxc4 21. dxc4 Qxc4 22. Rxa7 Nc6 23. Raa1 Ne7 24. Ra7 Qe6 25. b5 fxe4 26. Bxe4 d5 27. Qa2 Qf7 28. Bg2 Kh8 29. Qa3 Bf6 30. b6 Rb8 31. Rb1 Qe6 32. b7 Qf5 33. Rb3 Nc6 34. Ra8 Be7 35. Qa2 Qxf2+ 36. Kh1 e4 37. Rb6 d3 38. Ng1 Qxb6 39. Rxb8 0-1

[Event "Olympiad-39"]
[Site "Khanty-Mansiysk"]
[Date "2010.09.25"]
[Round "5.1"]
[White "Carlsen, Magnus"]
[Black "Vallejo Pons, Francisco"]
[Result "1-0"]
[WhiteElo "2826"]
[BlackElo "2697"]
[Annotator "ChessBase"]
[PlyCount "57"]
[EventDate "2010.09.21"]
[EventType "team-swiss"]
[EventRounds "11"]
[EventCountry "RUS"]
[SourceTitle "CBM 139"]
[Source "ChessBase"]
[SourceDate "2010.11.18"]
[SourceVersion "1"]
[SourceVersionDate "2010.11.18"]
[SourceQuality "1"]
[WhiteTeam "Norway"]
[BlackTeam "Spain"]
[WhiteTeamCountry "NOR"]
[BlackTeamCountry "ESP"]
[TimeControl "40/5400+30:1800+30"]

1. e4 c5 2. Nc3 a6 3. Nge2 d6 4. g3 Nc6 5. Bg2 g6 6. d3 Bg7 7. Be3 Nf6 8. h3 Bd7 9. Qd2 b5 10. Bh6 Bxh6 11. Qxh6 Nd4 12. Nxd4 cxd4 13. Ne2 e5 14. O-O Ng8 15. Qd2 {#It is hard to understand black's plan here. In terms of development he is now behind two tempi (white's queen is developed and he has castled already), and though one might argue the bad bishop has been exchanged off, the bishop also helps keep the king safe around the dark squares.} Ne7 16. f4 O-O 17. g4 f6 18. Rf2 Nc6 19. Raf1 Qa5 20. c3 Qxa2 21. g5 fxg5 22. f5 Qf7 23. cxd4 {#} Rae8 $6 ({Not} 23... exd4 {because of} 24. Qxg5 Qf6 25. Qg3 g5 ({Or} 25... Qe5 26. Nf4 Rf7 27. Qh4) 26. h4 g4 27. Qxg4+ Kh8 28. Qg5 Qxg5 29. hxg5 Rg8 30. e5 $1 dxe5 31. g6 $1 hxg6 32. f6 Ra7 33. Bd5 {Threatening Rh2.}) ({Instead} 23... Qf6 {was better.} 24. dxe5 dxe5 25. Nc3 Ne7 26. d4 exd4 27. fxg6 (27. e5 Qxe5 28. Bxa8 Bxf5 29. Re1 dxc3 30. Rxe5 cxd2 31. Rxd2 Rxa8 32. Rxe7) 27... Qxg6 28. Qxd4 Bc6 {with a balanced position.}) 24. d5 Nd4 25. Nxd4 exd4 26. f6 g4 27. hxg4 Bxg4 28. Qf4 h5 29. Qxd6 1-0

[Event "Hamburg sim +67 -1 =2"]
[Site "Hamburg"]
[Date "2016.02.20"]
[Round "?"]
[White "Carlsen, Magnus"]
[Black "Hommer, Jeremy"]
[Result "1-0"]
[WhiteElo "2844"]
[BlackElo "1741"]
[PlyCount "61"]
[EventDate "2016.02.20"]
[EventType "simul"]
[EventRounds "70"]
[EventCountry "GER"]
[SourceTitle "EXT 2023"]
[Source "ChessBase"]
[SourceDate "2022.10.05"]
[SourceVersion "1"]
[SourceVersionDate "2022.10.05"]
[SourceQuality "1"]

{[%evp 0,1,26,19]} 1. e4 c6 2. Nc3 d5 3. Nf3 dxe4 4. Nxe4 Nf6 5. Nxf6+ exf6 6. d4 Bd6 7. Be2 O-O 8. O-O Re8 9. c4 Be6 10. Re1 Nd7 11. Bd2 a6 12. Bc3 Qc7 13. g3 Rad8 14. Bf1 Bf8 15. Qd2 b6 16. b3 Nc5 17. Rad1 Qb8 18. Bg2 Re7 19. Qc1 Nb7 20. d5 cxd5 21. Nd4 Qc8 22. Nxe6 fxe6 23. cxd5 Rc7 24. Bh3 f5 25. Re3 exd5 26. Qb2 g6 27. Bg2 Bg7 28. Bxg7 Rxg7 29. Bxd5+ Kf8 30. Qf6+ Rf7 31. Qxf7# 1-0

[Event "Gashimov Memorial 5th"]
[Site "Shamkir"]
[Date "2018.04.23"]
[Round "5"]
[White "Carlsen, Magnus"]
[Black "Wojtaszek, Radoslaw"]
[Result "1-0"]
[WhiteElo "2843"]
[BlackElo "2744"]
[Annotator "Nielsen,Peter Heine"]
[PlyCount "61"]
[EventDate "2018.04.19"]
[EventType "tourn"]
[EventRounds "9"]
[EventCountry "AZE"]
[EventCategory "21"]
[SourceTitle "CBM 184"]
[Source "ChessBase"]
[SourceDate "2018.05.16"]
[SourceVersion "1"]
[SourceVersionDate "2018.05.16"]
[SourceQuality "1"]

{The tournament in general, but for Magnus especially had a very quiet start with Topalov's win over Navara being the only deceisive game. The pairings gave Magnus 3 Blacks vs. the Azeri players not leaving much scope for creativity, however in round 5 things were about to change:} 1. e4 {Quintiliano,R} c5 {Radek stays loyal to his compratiot inviting his favourite Najdorf variation.} 2. Nc3 d6 {Najdorf players have to use this move order as e.g.} (2... Nc6 {can be met by} 3. Nf3 $1 {intending 4.d4.}) 3. d4 cxd4 4. Qxd4 {A nice and fitting touch, as this move order vs. the Sicilian was favoured by Vugar Gashimov.} Nc6 5. Qd2 $5 {Magnus unleashes a rare and original concept, completely novel at top level. During Wijk Aan Zee 2017 I received an email from Greek IM Ioannis Simeonidis suggesting this setup as an interesting anti-Najdorf concept and offered it to Magnus to test his concept! At first it reminded me of Greek hubris. After all how likely is it that you can come up with a meaningful and new setup at move 5 in one of the most tested openings historically in chess? GM, Khenkin, the commentator at the event formulated it with classic Soviet iron chess logic: "Chess-wisdom suggests only moving each piece once in the opening, especially the queen, however the World Champion seem to have his own rules". First sight however is deceptive: White has an interesting concept in mind, and very similarly to Fischer-Random chess the players now have to adapt to problems completely untested previously in practice.} Nf6 {Logical and common-sense, but Ofitserian took a much more concrete approach when facing Paravyan in the Russian Junior championship 4 days later harassing the white queen with} (5... g6 6. b3 Bh6 $5 {White however did not budge and went} 7. f4 Nf6 8. Bb2 e5 {Quintiliano,R: '?!'} (8... O-O $142 {Quintiliano,R} 9. O-O-O a5 10. Bb5 Qb6 $132) 9. g3 O-O 10. O-O-O {and won a complex fight. This is what fascinates the most with Simeonidis variation, that an oasis of creativity existed in territory believed to have been long mapped out.}) 6. b3 e6 {On the same day in the Budapest Spring Open but 3 hours later due to the time difference, Kotronias faced} (6... g6 {but got an excellent position after} 7. Bb2 Bg7 8. O-O-O O-O 9. f3 Qa5 10. Kb1 Be6 11. Nge2 {As in the actual game it's noteworthy that the surprised player acts with typical Sicilian moves, while in the game played 4 days later, Ofitserian most likely influenced by the computer, tried a setup aimed specifically at the possible defects of White's concept.}) 7. Bb2 a6 {Again typical Sicilian style.} ({Quintiliano,R: 'Knowing how the game goes,'} 7... d5 $5 {intending ...b4 was a more concrete approach. Quintiliano,R: 'maybe is a worthy try'} 8. exd5 {Quintiliano,R} exd5 9. O-O-O Be6 10. Nge2 Qa5 {The point is that despite the isolated pawn, Black has open lines and more freedom to develop the pieces} 11. Kb1 Bc5 12. Nf4 O-O-O $13) 8. O-O-O b5 9. f3 {The position reminds one of a Rauzer, however the white bishop being on b2 and the knight on g1 instead of d4! At first this sounds considerably more passive from whites perspective, but the bishop on b2 not only attacks in the long diagonal but also provides additional safety for the white king. While a knight on d4 would just be exchanged now on g1 it can consider various routes of attack.} h5 $6 {Preventing g4 makes perfect sense, but} (9... Be7 10. Kb1 {is the obvious reply, but then after} (10. g4 Nxg4 $1 {is a nice trick as} 11. fxg4 Bg5 {wins the white queen.}) 10... h5 {Black has a slightly improved version of the game.} (10... O-O {Quintiliano,R} 11. g4 Bb7 {with typical and double-edged Sicilian positions, despite there are some differences of normal lines, the b2 being the most clear one, Black should have the usual counterplay ideas.})) 10. Nh3 $1 {Till this move, the general concept was mapped out in preparation, but here the World Champion demonstrates his level, adopting to the specifics of the position excellently. The g5-square very rarely being a relevant square for a white knight in the Scheveningen style Sicilian is of no importance. Like in chess 960 what matters is adapting to the new situation, and the combination of Black's last move weakening the g5-square and White's knight being on g1 prompted this unusual approach.} Be7 11. Ng5 h4 $6 {Again logical and typical, however for this specific position just not very relevant.} 12. f4 Bb7 13. Kb1 Rc8 14. Be2 $1 Qc7 15. Rhe1 $1 {While White's two last moves might appear unimpressive, e2 almost feeling passive, looks are again deceptive. White quietly finishes his development in essence claiming he can improve his position meaningfully before the eventual confrontation, while Black cannot. Black's position is much worse than it looks. Normally ...b4 and ...a5 would create counterplay, exchange sacrifices on c3 being part of the equation, but with the white bishop being on b2 such action by Black would be completely pointless, and ...b4 simply being answered by a white a3. Especially the knight at c6 seems misplaced blocking both the bishop on b7 and the rook on c8. The relevant question would be, why did Black put it there? But who could resist free development harassing the opponent's queen at move 4?} Nh7 16. Nxh7 Rxh7 17. g4 $6 {At the press conference Magnus explained that he saw the indeed crushing 17.d5! but thought his position so dominating that sacrifices were not even neccesary.} (17. Nd5 $1 {Still the knight sacrifice was the best way, as after} exd5 18. exd5 {Black's position is close to hopeless as giving back the piece is positional bankruptcy, but} Nb8 {loses instantly to} 19. Bd3 $1 {with} Rh5 20. Rxe7+ $1 {being the principal tactical point.}) 17... hxg3 18. hxg3 Bf6 19. Bd3 Rh8 20. g4 $6 {A strange coincidence. Magnus' only inaccuracy in the game was g4; unfortunately it was possible to play twice! Unlike move 17 here simplicity was in order, figthing for the open file with} (20. Rh1 $1 {would have given an overwhelming edge.}) 20... Nd4 21. Re3 Kf8 22. Ne2 $1 Nxe2 23. Rxe2 {Despite the exchanges of minor pieces, the difference in king safety still gives White the much more pleasant position.} Bc3 $2 (23... Bxb2 24. Kxb2 Qc5 $1 {was Black's best chance to minimise the damage, but in time pressure Radek finally goes astray.} (24... Rh4 $1 {Quintiliano,R} 25. g5 Qc5 {[%cal Yc5d4]} 26. Kb1 (26. Rh2 Rxh2 27. Qxh2 Ke7 28. Kb1 Qe3 $132) 26... d5 $5 27. exd5 Bxd5 28. Rh2 Rxh2 29. Qxh2 g6 $14 {despite White's position still looking easier, Black is fighting well and has real chances to equalise.})) 24. Bxc3 Qxc3 25. Qe3 Rc5 {Allows a tactical blow, but after} (25... Qc5 26. Qg3 {Black is passive without counterplay while f5 and g5 follow for White with an overwhelming edge.}) 26. e5 $1 dxe5 27. fxe5 Rh1 28. Rxh1 Bxh1 29. Rh2 Rxe5 ({If} 29... Bb7 {then} 30. Rh8+ Ke7 31. Qg5+ {mates.}) 30. Rh8+ $1 Ke7 31. Qa7+ {And with 32.xh1 following next, Black being a piece down resigned. Magnus' shift of pace not only lasted to the upcoming free day's soccer tournament scoring all 6 six goals for the winning team, but also for the remainder of the tournament with crucial wins over first the leader Topalov and then with the black pieces against Anish Giri eventually securing overall victory.} 1-0

[Event "Chess24 Banter Blitz Cup"]
[Site "chess24.com INT"]
[Date "2020.04.15"]
[Round "7.6"]
[White "Firouzja, Alireza"]
[Black "Carlsen, Magnus"]
[Result "1/2-1/2"]
[WhiteElo "2702"]
[BlackElo "2876"]
[PlyCount "133"]
[EventDate "2019.09.25"]
[EventType "k.o. (blitz)"]
[EventRounds "7"]
[EventCountry "USA"]
[SourceTitle "CBM 195 Extra"]
[Source "ChessBase"]
[SourceDate "2020.05.31"]
[SourceVersion "1"]
[SourceVersionDate "2020.05.31"]
[SourceQuality "1"]

1. e4 c5 2. Nc3 a6 3. Nf3 d6 4. g3 Bg4 5. h3 Bxf3 6. Qxf3 Nc6 7. Bg2 g6 8. O-O Bg7 9. Ne2 Nf6 10. c3 Nd7 11. Rd1 Nde5 12. Qe3 c4 13. b3 O-O 14. f4 Nd3 15. bxc4 Nxc1 16. Raxc1 Rc8 17. Rb1 Qa5 18. Rxb7 Qxa2 19. d3 Rb8 20. Rxb8 Rxb8 21. e5 Qa4 22. Rf1 dxe5 23. Qe4 Rc8 24. f5 Qc2 25. g4 Bf6 26. Qe3 g5 27. Rc1 Qb2 28. Ng3 Na5 29. Ne4 h6 30. Rf1 Nb3 31. Qb6 Kg7 32. Qb7 Rf8 33. Nc5 Qxc3 34. Nxb3 Qxd3 35. Na5 Rd8 36. Qe4 Qc3 37. Nc6 Rd2 38. Kh1 a5 39. Na7 a4 40. Nb5 Qb2 41. Qf3 a3 42. Nxa3 e4 43. Qxe4 Qxa3 44. Qf3 Qb2 45. Qe4 Rc2 46. c5 Rxc5 47. Qf3 Rc1 48. Qe4 Rxf1+ 49. Bxf1 Be5 50. Qg2 Qc1 51. Qe2 Qf4 52. Qg2 h5 53. gxh5 Qxf5 54. Qe2 Qf4 55. Qg2 Kh6 56. Qe2 f5 57. Qg2 Qe4 58. Qxe4 fxe4 59. Be2 Bf4 60. Bg4 e5 61. Kg2 e3 62. Kf1 e4 63. Ke2 Be5 64. Kf1 Bf4 65. Ke2 Be5 66. Kd1 Bf4 67. Ke2 1/2-1/2

[Event "Chess24 Banter Blitz Cup"]
[Site "chess24.com INT"]
[Date "2020.04.15"]
[Round "7.16"]
[White "Firouzja, Alireza"]
[Black "Carlsen, Magnus"]
[Result "1-0"]
[WhiteElo "2702"]
[BlackElo "2876"]
[PlyCount "129"]
[EventDate "2019.09.25"]
[EventType "k.o. (blitz)"]
[EventRounds "7"]
[EventCountry "USA"]
[SourceTitle "CBM 195 Extra"]
[Source "ChessBase"]
[SourceDate "2020.05.31"]
[SourceVersion "1"]
[SourceVersionDate "2020.05.31"]
[SourceQuality "1"]

1. e4 c5 2. Nc3 a6 3. Nf3 d6 4. g3 Bg4 5. Bg2 Nc6 6. h3 Bxf3 7. Qxf3 g6 8. O-O Bg7 9. Ne2 Nf6 10. c3 Nd7 11. Rd1 Qb6 12. Qe3 O-O 13. d4 cxd4 14. cxd4 Rac8 15. Rb1 Rc7 16. h4 Rfc8 17. Bh3 h5 18. Qd2 e6 19. d5 exd5 20. Qxd5 Nf6 21. Qd3 Ne5 22. Qe3 Qxe3 23. Bxe3 Re8 24. Nc3 Nc4 25. Bd4 Ng4 26. Nd5 Rc6 27. f3 Bxd4+ 28. Rxd4 Nge5 29. Kf2 Kg7 30. Bf1 Rd8 31. b3 Nb6 32. Ne3 Kf6 33. Rbd1 Ke7 34. Be2 Rdc8 35. R1d2 R8c7 36. f4 Ned7 37. Bf3 Nf8 38. R4d3 Ne6 39. e5 dxe5 40. Bxc6 Rxc6 41. fxe5 Nc5 42. Rd4 Ke6 43. Rd6+ Kxe5 44. Rxc6 bxc6 45. Rc2 Ne4+ 46. Kf3 c5 47. Re2 f5 48. Ng2 Nd5 49. Nf4 Nxf4 50. gxf4+ Kd4 51. Rg2 Nc3 52. Rxg6 Nxa2 53. Rg5 Nc1 54. Rxh5 Nxb3 55. Rh8 c4 56. Rd8+ Kc3 57. h5 Nd4+ 58. Rxd4 Kxd4 59. h6 c3 60. h7 Kd3 61. h8=Q c2 62. Qb2 Kd2 63. Qd4+ Kc1 64. Ke2 a5 65. Qa1# 1-0

[Event "DM Carlsen-Artemiev"]
[Site "chess24.com INT"]
[Date "2021.04.21"]
[Round "5"]
[White "Artemiev, Vladislav"]
[Black "Carlsen, Magnus"]
[Result "1/2-1/2"]
[WhiteElo "2709"]
[BlackElo "2847"]
[PlyCount "118"]
[EventDate "2021.04.21"]
[EventType "match (blitz)"]
[EventRounds "24"]
[EventCountry "GER"]
[SourceTitle "CBM 202 Extra"]
[Source "ChessBase"]
[SourceDate "2021.07.31"]
[SourceVersion "1"]
[SourceVersionDate "2021.06.30"]
[SourceQuality "1"]

1. e4 c5 2. Nc3 Nc6 3. g3 g6 4. Bg2 Bg7 5. d3 d6 6. Be3 e5 7. Nh3 Nge7 8. f4 Bxh3 9. Bxh3 exf4 10. Bxf4 d5 11. O-O O-O 12. Nxd5 Nxd5 13. exd5 Qxd5 14. c3 Rad8 15. Bc7 Rde8 16. Qf3 Qxf3 17. Rxf3 Be5 18. Bxe5 Nxe5 19. Re3 Re7 20. d4 cxd4 21. cxd4 Nc6 22. Rxe7 Nxe7 23. Rc1 Nd5 24. Bg2 Rd8 25. Rc5 Ne3 26. Bxb7 Rxd4 27. Bf3 Rd2 28. Ra5 Rxb2 29. Rxa7 Kg7 30. Re7 Nf5 31. Re2 Rb1+ 32. Kf2 Nd4 33. Rd2 Nxf3 34. Kxf3 Rb4 35. Kg2 Ra4 36. Re2 g5 37. Rd2 Kg6 38. Re2 h5 39. Rd2 h4 40. Rf2 f5 41. gxh4 Rxh4 42. a3 Ra4 43. Ra2 Kh5 44. h3 Kh4 45. Kh2 Re4 46. a4 Re3 47. a5 Rxh3+ 48. Kg2 Kg4 49. a6 Rh8 50. a7 Ra8 51. Ra4+ f4 52. Ra5 f3+ 53. Kf2 Kf4 54. Ra4+ Ke5 55. Kxf3 Kd6 56. Kg4 Kc6 57. Kxg5 Kb7 58. Kf5 Rxa7 59. Rxa7+ Kxa7 1/2-1/2

[Event "FTX Crypto Cup Prelim"]
[Site "chess24.com INT"]
[Date "2021.05.23"]
[Round "4"]
[White "Carlsen, Magnus"]
[Black "Vachier Lagrave, Maxime"]
[Result "0-1"]
[WhiteElo "2847"]
[BlackElo "2760"]
[PlyCount "106"]
[EventDate "2021.05.23"]
[EventType "tourn (rapid)"]
[EventRounds "15"]
[EventCountry "GER"]
[EventCategory "21"]
[SourceTitle "CBM 203"]
[Source "ChessBase"]
[SourceDate "2021.08.31"]
[SourceVersion "1"]
[SourceVersionDate "2021.08.31"]
[SourceQuality "1"]

1. e4 c5 2. Nc3 d6 3. f3 Nc6 4. Bb5 g6 5. Nge2 Bg7 6. d4 cxd4 7. Nxd4 Bd7 8. Be3 Nf6 9. Qd2 O-O 10. O-O-O Rc8 11. Be2 a6 12. Kb1 b5 13. g4 Nxd4 14. Bxd4 e5 15. Be3 b4 16. Nd5 Nxd5 17. exd5 e4 18. fxe4 Re8 19. Bd4 Rxe4 20. Bxg7 Kxg7 21. h3 a5 22. Rhf1 Qe7 23. Bd3 Re5 24. Qf2 Rxd5 25. Rde1 Re5 26. Qd4 Rcc5 27. Re4 Be6 28. b3 Kg8 29. Rfe1 Rxe4 30. Rxe4 Qc7 31. h4 Re5 32. g5 Rxe4 33. Qxe4 Qc5 34. Qa8+ Kg7 35. Qf3 Qg1+ 36. Kb2 Qd4+ 37. Kb1 h5 38. Qf1 Bd5 39. Qe1 Kf8 40. Qg3 Ke7 41. Qe1+ Be6 42. Qh1 Bd5 43. Qe1+ Qe5 44. Qf2 Be6 45. Qf1 Bf5 46. Bxf5 gxf5 47. Qd1 f4 48. Qxh5 Qe1+ 49. Kb2 Qc3+ 50. Kb1 f3 51. g6 Qe1+ 52. Kb2 f2 53. Qg5+ f6 0-1